| 000 | 00439nam a2200169Ia 4500 | ||
|---|---|---|---|
| 008 | 220216s9999 xx 000 0 und d | ||
| 100 | _aZehr Bradley D | ||
| 245 | 0 | _aExtraction of antigenic protein from latex films and gloves | |
| 260 |
_bRubber Developments _c1994 |
||
| 300 | _a58-61 | ||
| 650 | _aGloves | ||
| 650 | _aLatex film | ||
| 700 | _aBeezhold Donald | ||
| 700 | _aKostyal David | ||
| 700 | _aShen Zong-Lu | ||
| 942 | _cJS | ||
| 999 |
_c59199 _d59199 |
||